Imperatori Bizantini - Statistics

Statistiche generali
  • Questo quiz è stato fatto 465 volte
  • Il punteggio medio è 64 su 92
Statistiche sulle risposte
Suggerimento Risposta % Corretto
641 Costantino III
96%
668-685 Costantino IV
96%
1042-1055 Costantino IX
96%
1204-1205 Costantino Laskaris (mai incoronato)
96%
741-742 Costantino V
96%
743-775 Costantino V
96%
780-797 Costantino VI
96%
912-959 Costantino VII
96%
1025-1028 Costantino VIII
96%
1059-1067 Costantino X
96%
1449-1453 Costantino XI
96%
527-565 Giustiniano I
90%
685-695 Giustiniano II
90%
705-711 Giustiniano II
90%
408-450 Teodosio II
82%
715-717 Teodosio III
82%
395-408 Arcadio
80%
518-527 Giustino I
80%
565-578 Giustino II
80%
474-475 Zenone
76%
476-491 Zenone
76%
457-474 Leone I
74%
474 Leone II
74%
717-741 Leone III
74%
775-780 Leone IV
74%
813-820 Leone V
74%
886-912 Leone VI
74%
969-976 Giovanni I
72%
1118-1143 Giovanni II
72%
1222-1254 Giovanni III
72%
1258-1261 Giovanni IV
72%
1341-1376 Giovanni V
72%
1379-1390 Giovanni V
72%
1390-1391 Giovanni V
72%
1347-1354 Giovanni VI
72%
1390 Giovanni VII
72%
1425-1448 Giovanni VIII
72%
797-802 Irene
72%
867-886 Basilio I
71%
976-1025 Basilio II
71%
1081-1118 Alessio I
70%
1080-1083 Alessio II
70%
1095-1203 Alessio III
70%
1203-1204 Alessio IV
70%
1204 Alessio V
70%
811-813 Michele I
70%
820-829 Michele II
70%
842-867 Michele III
70%
1034-1041 Michele IV
70%
1294-1320 Michele IX
70%
1041-1042 Michele V
70%
1056-1057 Michele VI
70%
1071-1078 Michele VII
70%
1259-1282 Michele VIII
70%
641-668 Costante II
67%
610-641 Eraclio I
66%
641 Eraclio II
66%
602-610 Foca
66%
912-913 Alessandro
61%
491-518 Anastasio I
61%
713-715 Anastasio II
61%
920-944 Romano I
61%
959-963 Romano II
61%
1028-1034 Romano III
61%
1068-1071 Romano IV
61%
1143-1180 Manuele I
60%
1391-1425 Manuele II
60%
1042 Zoe
60%
802-811 Niceforo I
59%
963-969 Niceforo II
59%
1078-1081 Niceforo III
59%
582-602 Maurizio
58%
1055-1056 Teodora
58%
475-476 Basilisco
56%
1205-1222 Teodoro I
55%
1254-1258 Teodoro II
55%
578-582 Tiberio II
55%
698-705 Tiberio III
55%
1083-1085 Andronico I
54%
1282-1328 Andronico II
54%
1328-1341 Andronico III
54%
1376-1379 Andronico IV
54%
1057-1059 Isacco I
54%
1085-1095 Isacco II
54%
1203-1204 Isacco II
54%
450-457 Marciano
50%
695-698 Leonzio
43%
829-842 Teofilo
42%
742-743 Artavasde
41%
1067-1071 Eudocia
39%
811 Stauracio
39%
711-713 Filippico
37%
Nessun quiz corrispondente trovato
Distribuzione punteggi
Percentuale di utenti per punteggio
Percentile per numero di risposta
I tuoi punteggi nel tempo
Non hai fatto questo quiz